[Event "2023 Gufeld Cup"]
[Site "North Woodvale, Perth WA"]
[Date "2023.04.10"]
[Round "6"]
[White "Stortz, Robert"]
[Black "Sethuraman, Jaswanth Ram"]
[Result "1-0"]
[WhiteElo "1870"]
[BlackElo "783"]
[EventDate "2023.04.10"]

1.d4 e5 2.dxe5 Bc5 3.Nf3 d6 4.Bg5 f6 5.exf6 Nxf6 6.e3 O-O 7.Bc4+ Kh8 8.h3 
Nc6 9.Nc3 Qe8 10.Bxf6 Rxf6 11.Nd5 Rf7 12.Ng5 Rd7 13.Qd3 Qh5 14.Qf5 Rd8 15.
Nf7+ Qxf7 16.Qxf7 Ne5 17.Qf4 Bd7 18.Bb3 Rf8 19.Qg3 c6 20.Nc3 b5 21.O-O b4 
22.Na4 Bb6 23.Nxb6 axb6 24.Rad1 Rf6 25.Qh4 Rg6 26.Qf4 Bxh3 27.g3 Bxf1 28.
Kxf1 Rf6 29.Qxb4 Raf8 30.f4 Ng4 31.Rxd6 Nxe3+ 32.Kf2 Ng4+ 33.Kf3 Ne5+ 34.
Kg2 Ng4 35.Rxf6 Rxf6 36.Qxb6 h6 37.Qd8+ Kh7 38.Qd3+ Kh8 39.c4 Rf5 40.Qd8+ 
Kh7 41.Qd3 Kh8 42.Bc2 g6 43.Qd8+ Kh7 44.Bxf5 Ne3+ 45.Kf2 Nxf5 46.Qd7+ Kh8 
47.Qxc6 Nd4 48.Qf6+ Kh7 49.Qxd4 g5 50.fxg5 hxg5 51.Qd6 g4 52.a4 Kg7 53.a5 
Kf7 54.a6 Kg7 55.a7 Kf7 56.a8=Q Kg7 57.Qa7+ Kg8 58.Qdb8# 1-0

[Event "2023 Gufeld Cup"]
[Site "North Woodvale, Perth WA"]
[Date "2023.04.10"]
[Round "6"]
[White "Wang, Lucas"]
[Black "Huang, Hui"]
[Result "1/2-1/2"]
[WhiteElo "671"]
[BlackElo "1707"]
[EventDate "2023.04.10"]

1.e4 Nf6 2.e5 Nd5 3.d4 d6 4.Nf3 dxe5 5.dxe5 Bg4 6.c3 e6 7.Qa4+ Nc6 8.Qxg4 
a6 9.Be2 h5 10.Qh4 Be7 11.Qg3 Rg8 12.Nd4 h4 13.Qd3 Nxe5 14.Qd1 Qd7 15.Bf3 
h3 16.gxh3 O-O-O 17.Qe2 Ng6 18.Bh5 Ndf4 19.Bxf4 Nxf4 20.Qf3 g6 21.Qxf4 
gxh5 22.Qxf7 c5 23.Qxe6 cxd4 24.Qxd7+ Rxd7 25.cxd4 Bf6 26.Nc3 Bxd4 27.Rc1 
Kb8 28.Rd1 Re7+ 29.Kf1 Ba7 30.Rd5 h4 31.Rh5 Rf7 32.Nd1 Rd8 33.Ke2 Rd4 34.
Rg1 Rdf4 35.Rg2 b5 36.Rh8+ 1/2-1/2

[Event "2023 Gufeld Cup"]
[Site "North Woodvale, Perth WA"]
[Date "2023.04.10"]
[Round "6"]
[White "Ashok, Akash"]
[Black "Ashok, Anish"]
[Result "1-0"]
[WhiteElo "734"]
[BlackElo "458"]
[EventDate "2023.04.10"]

1.e4 g6 2.d4 Bg7 3.Nf3 Nf6 4.Nc3 O-O 5.h3 Re8 6.e5 Ne4 7.Nxe4 d5 8.Nc3 Bf5
9.Bd3 Bxd3 10.Qxd3 Nc6 11.O-O a6 12.a3 b5 13.b4 a5 14.Qxb5 axb4 15.Qxc6 
bxc3 16.Qxc3 f6 17.exf6 exf6 18.Bf4 Ra7 19.Rfe1 Rxe1+ 20.Rxe1 Qa8 21.Re7 
Rxa3 22.Qxc7 Bf8 23.Rxh7 Ra1+ 24.Kh2 Qe8 25.Bd6 Be7 26.Rxe7 Qf8 27.Re1 Qa8
28.Rxa1 Qxa1 29.c4 Qa2 30.cxd5 Qxd5 31.Qc5 Qa2 32.Qc8+ Kg7 33.Qf8+ Kh7 34.
Qxf6 Qxf2 35.Ng5+ Kh6 36.Nf7+ Kh7 37.Qh8# 1-0